[Event "SVK-chT2B 1718"]
[Site "Slovakia"]
[Date "2017.10.29"]
[Round "2.4"]
[White "Nikel, Rastislav"]
[Black "Bielik, Jakub"]
[Result "0-1"]
[WhiteElo "2039"]
[BlackElo "1907"]
[PlyCount "54"]
[EventDate "2017.10.28"]
[EventType "team-tourn"]
[EventRounds "11"]
[EventCountry "SVK"]
[SourceTitle "CBM 181 Extra"]
[Source "ChessBase"]
[SourceDate "2017.12.12"]
[SourceVersion "1"]
[SourceVersionDate "2017.12.12"]
[SourceQuality "1"]
[WhiteTeam "Levice"]
[BlackTeam "Povazske Podhradie"]
[WhiteTeamCountry "SVK"]
[BlackTeamCountry "SVK"]

1. e4 e6 2. d4 d5 3. Nc3 Nf6 4. Bg5 Bb4 5. e5 h6 6. Bd2 Bxc3 7. bxc3 Ne4 8. Bd3 Nxd2 9. Qxd2 c5 10. f4 Nc6 11. Nf3 Qa5 12. a4 c4 13. Be2 Bd7 14. 0-0 0-0-0 15. Rfb1 Ne7 16. Rb4 b6 17. Qe3 Rdg8 18. Nd2 g5 19. Bxc4 Nf5 20. Qd3 dxc4 21. Nxc4 Qd5 22. Nxb6+ axb6 23. Qa6+ Kd8 24. Rxb6 gxf4 25. g3 fxg3 26. h3 Qf3 27. Qf1 Qe3+ 0-1

[Event "Tatry op"]
[Site "Tatranska Lomnica"]
[Date "2017.10.13"]
[Round "7"]
[White "Nikel, Rastislav"]
[Black "Sarkozy, Ladislav"]
[Result "0-1"]
[WhiteElo "2020"]
[BlackElo "2265"]
[PlyCount "100"]
[EventDate "2017.10.08"]
[EventType "swiss"]
[EventRounds "9"]
[EventCountry "SVK"]
[SourceTitle "CBM 181 Extra"]
[Source "ChessBase"]
[SourceDate "2017.12.12"]
[SourceVersion "1"]
[SourceVersionDate "2017.12.12"]
[SourceQuality "1"]

1. e4 c5 2. Nf3 d6 3. d4 cxd4 4. Nxd4 Nf6 5. Nc3 g6 6. Be3 Bg7 7. Qd2 Nc6 8. f3 0-0 9. Bc4 Bd7 10. g4 Rc8 11. Be2 Ne5 12. g5 Nh5 13. f4 Nc4 14. Bxc4 Rxc4 15. 0-0 Nxf4 16. b3 Rxc3 17. Bxf4 Qb6 18. Rad1 Bxd4+ 19. Qxd4 Qxd4+ 20. Rxd4 Rxc2 21. Rf2 Rxf2 22. Kxf2 Bc6 23. e5 dxe5 24. Bxe5 f6 25. gxf6 exf6 26. Bd6 Re8 27. Bc7 Kf7 28. Rd8 Rxd8 29. Bxd8 g5 30. a4 Kg6 31. a5 f5 32. b4 f4 33. a6 bxa6 34. Bc7 Kh5 35. Be5 Kg4 36. Bf6 Kf5 37. Be7 h5 38. Bd8 h4 39. Be7 h3 40. Bd6 g4 41. Bb8 g3+ 42. Kg1 Kg4 43. Bxa7 Bg2 44. Bb8 gxh2+ 45. Kxh2 Kf3 46. Bd6 Ke3 47. Bc7 f3 48. Kg3 Ke2 49. Bb6 h2 50. Kxh2 f2 0-1

[Event "SVK-ch rapid"]
[Site "Banska Bystrica"]
[Date "2017.09.23"]
[Round "4"]
[White "Nikanova, Ekaterina"]
[Black "Nikel, Rastislav"]
[Result "0-1"]
[WhiteElo "2042"]
[BlackElo "1931"]
[PlyCount "136"]
[EventDate "2017.09.22"]
[EventType "swiss (rapid)"]
[EventRounds "9"]
[EventCountry "SVK"]
[SourceTitle "EXT 2018"]
[Source "ChessBase"]
[SourceDate "2017.10.13"]
[SourceVersion "1"]
[SourceVersionDate "2017.10.13"]
[SourceQuality "1"]

1. e4 c5 2. c3 d5 3. exd5 Qxd5 4. d4 Nf6 5. Nf3 Nc6 6. Be2 e6 7. 0-0 a6 8. h3 cxd4 9. cxd4 Be7 10. Nc3 Qd7 11. Be3 b5 12. Ne5 Nxe5 13. dxe5 Nd5 14. Nxd5 exd5 15. Bd4 0-0 16. Bg4 Qc6 17. Rc1 Qg6 18. Bxc8 Rfxc8 19. Qf3 Qe6 20. Qe3 Rc4 21. b3 Rxc1 22. Rxc1 Ba3 23. Rf1 Rc8 24. f4 f5 25. Qd3 g6 26. Rd1 Rc1 27. Rxc1 Bxc1 28. Be3 Qc6 29. Kh2 Bb2 30. Bd4 Ba3 31. g3 Kf7 32. Qc3 Qxc3 33. Bxc3 Ke6 34. Kg2 Bc5 35. Kf3 d4 36. Bd2 Kd5 37. g4 Ba3 38. gxf5 gxf5 39. b4 Bb2 40. Ke2 Ke4 41. Kf2 d3 42. Kg3 Bd4 43. Kh4 Be3 44. e6 Bxd2 45. e7 Be1+ 46. Kh5 d2 47. e8Q+ Kd3 48. Qd7+ Ke2 49. Qe6+ Kf2 50. Qb3 Ke2 51. Qc2 Bf2 52. Qxf5 d1Q 53. Qg4+ Kd2 54. Qxd1+ Kxd1 55. f5 Bd4 56. Kh6 Kc2 57. Kxh7 Kb2 58. Kg6 Kxa2 59. h4 a5 60. bxa5 b4 61. f6 b3 62. f7 Bc5 63. a6 b2 64. a7 b1Q+ 65. Kg7 Qb7 66. h5 Qxa7 67. h6 Qe7 68. h7 Qg5+ 0-1

[Event "Banska Stiavnica V4 op"]
[Site "Banska Stiavnica"]
[Date "2017.07.09"]
[Round "2"]
[White "Gresova, Zuzana"]
[Black "Nikel, Rastislav"]
[Result "1-0"]
[WhiteElo "1873"]
[BlackElo "2079"]
[PlyCount "135"]
[EventDate "2017.07.08"]
[EventType "swiss"]
[EventRounds "9"]
[EventCountry "SVK"]
[SourceTitle "CBM 179 Extra"]
[Source "ChessBase"]
[SourceDate "2017.08.23"]
[SourceVersion "1"]
[SourceVersionDate "2017.08.23"]
[SourceQuality "1"]

1. e4 e6 2. d4 d5 3. Nd2 c5 4. c3 Nc6 5. Ngf3 Nf6 6. Bd3 dxe4 7. Nxe4 cxd4 8. cxd4 Bb4+ 9. Nc3 0-0 10. 0-0 Nd5 11. Bc2 Be7 12. a3 Bf6 13. Qd3 g6 14. Bh6 Bg7 15. Bxg7 Kxg7 16. Bb3 Nxc3 17. Qxc3 Qf6 18. Ne5 Nxe5 19. dxe5 Qe7 20. Rac1 Bd7 21. Qc7 Rac8 22. Qxb7 Rb8 23. Qf3 Bb5 24. Rfd1 Be2 25. Qxe2 Rxb3 26. h3 Rfb8 27. Rc2 Qg5 28. Rd7 Rxh3 29. Rcc7 Rf8 30. Rxa7 Rh5 31. Ra4 Qh6 32. f3 Qc1+ 33. Rd1 Qc5+ 34. Rad4 Rxe5 35. Qf2 Rc8 36. b4 Qb5 37. Qb2 f6 38. Rd7+ Kh6 39. Qd2+ g5 40. f4 Qb6+ 41. Kh1 gxf4 42. Qxf4+ Kg6 43. Qg4+ Rg5 44. Qe4+ f5 45. Qh4 h6 46. Qd4 Qxd4 47. R7xd4 Rc2 48. R4d2 Rxd2 49. Rxd2 Rg3 50. a4 Ra3 51. a5 Ra4 52. Rd6 Kf7 53. Rb6 e5 54. a6 e4 55. Kg1 f4 56. Rb7+ Kf6 57. a7 h5 58. b5 e3 59. Kf1 Ra1+ 60. Ke2 Ra2+ 61. Ke1 h4 62. Rb6+ Ke5 63. Ra6 Rb2 64. a8Q Rb1+ 65. Ke2 Rb2+ 66. Kd1 Rb1+ 67. Kc2 e2 68. Qe8+ 1-0